[Event "DEM U14 2011"]
[Site "Oberhof GER"]
[Date "2011.06.12"]
[Round "1"]
[White "Lerch, Philipp"]
[Black "Kramer, Julian"]
[Result "1-0"]
[Termination "normal"]
[Board "7"]
[WhiteElo "2021"]
[BlackElo "1946"]
[PlyCount "71"]
[WhiteFideId "4654129"]
[BlackFideId "12921742"]
[EventCountry "GER"]
[EventRounds "9"]
[EventType "swiss"]
[EventDate "2011.06.11"]

1. c4 c6 2. e4 d5 3. exd5 cxd5 4. d4 Nf6 5. Nc3 e6 6. Nf3 Be7 7. Bd3 b6 8. O-O
O-O 9. Bg5 Bb7 10. Bxf6 Bxf6 11. cxd5 exd5 12. Qb3 Nc6 13. Rad1 Na5 14. Qc2 h6
15. Rfe1 Rc8 16. Bf5 Rc7 17. b4 Nc6 18. Qb3 Ne7 19. Bd3 Bc6 20. Ne5 Bxe5 21.
Rxe5 Rd7 22. Rde1 Kh8 23. b5 Ba8 24. Qa3 Ng6 25. R5e3 Nf4 26. Bf5 Rc7 27. g3 g6
28. Rf3 gxf5 29. Rxf4 Qc8 30. Re3 Kg7 31. Ne2 Re8 32. Rff3 Re4 33. Nf4 Qe8 34.
Nh5+ Kg6 35. Qd6+ Qe6 36. Nf4+ 1-0

[Event "DEM U14 2011"]
[Site "Oberhof GER"]
[Date "2011.06.12"]
[Round "1"]
[White "Töws, Manuel"]
[Black "Müller, Constantin"]
[Result "0-1"]
[Termination "normal"]
[Board "9"]
[WhiteElo "1938"]
[BlackElo "1839"]
[PlyCount "92"]
[WhiteFideId "24654485"]
[BlackFideId "24697630"]
[EventCountry "GER"]
[EventRounds "9"]
[EventType "swiss"]
[EventDate "2011.06.11"]

1. e4 c5 2. Nf3 e6 3. d4 cxd4 4. Nxd4 a6 5. Bd3 Bc5 6. Nb3 Be7 7. O-O Nf6 8.
Nc3 Qc7 9. f4 d6 10. Be3 b5 11. a3 Bb7 12. Qe2 Nbd7 13. Rae1 e5 14. Bd2 O-O 15.
Rf3 g6 16. Rh3 Rfe8 17. f5 d5 18. fxg6 fxg6 19. Nxd5 Nxd5 20. exd5 Nf6 21. Kh1
Bf8 22. Re3 Bxd5 23. Rxe5 Ng4 24. Qxg4 Rxe5 25. Rxe5 Qxe5 26. Bc3 Qh5 27. Qxh5
gxh5 28. Kg1 Rd8 29. Nd2 Bc5+ 30. Kh1 Re8 31. Nf3 Be4 32. Bxe4 Rxe4 33. g3 Re3
34. Nd4 Bxd4 35. Bxd4 Re1+ 36. Kg2 Re2+ 37. Kh3 Rxc2 38. Be5 Kf7 39. g4 Re2 40.
Bc3 hxg4+ 41. Kxg4 Rxh2 42. Kg3 Re2 43. Kf3 Re8 44. Kg4 Kg6 45. Kf4 h5 46. Bd4
h4 0-1

[Event "DEM U14 2011"]
[Site "Oberhof GER"]
[Date "2011.06.12"]
[Round "1"]
[White "Myagkov, Kirill"]
[Black "Peil, Christoph"]
[Result "1/2-1/2"]
[Termination "normal"]
[Board "10"]
[WhiteElo "1833"]
[BlackElo "1902"]
[PlyCount "114"]
[WhiteFideId "24657042"]
[BlackFideId "24651800"]
[EventCountry "GER"]
[EventRounds "9"]
[EventType "swiss"]
[EventDate "2011.06.11"]

1. e4 c5 2. Nc3 d6 3. g3 Nc6 4. Bg2 g6 5. d3 Bg7 6. Nf3 e6 7. Be3 Nd4 8. Rb1
Ne7 9. Ne2 Nxf3+ 10. Bxf3 e5 11. Bg2 Be6 12. a3 Rb8 13. Qd2 h5 14. h4 Nc6 15.
c3 b6 16. d4 Na5 17. d5 Nc4 18. Qd3 Nxe3 19. Qxe3 Bh6 20. Qd3 Bd7 21. f4 Qe7
22. O-O exf4 23. gxf4 Qxh4 24. e5 O-O 25. e6 fxe6 26. Qxg6+ Bg7 27. dxe6 Rf6
28. Qg3 Qxg3 29. Nxg3 Bxe6 30. Nxh5 Rf7 31. Nxg7 Rxg7 32. Rbd1 Re8 33. f5 Bc4
34. Rf4 Re2 35. Rf2 Rxf2 36. Kxf2 Rd7 37. Bd5+ Bxd5 38. Rxd5 Kf7 39. Kf3 Kf6
40. Kf4 Rd8 41. b4 a6 42. a4 cxb4 43. cxb4 Rd7 44. a5 b5 45. Kg4 Rg7+ 46. Kf4
Rd7 47. Kg4 Rd8 48. Kf4 Ke7 49. Kg5 Rg8+ 50. Kf4 Rg1 51. Rd4 Rf1+ 52. Kg5 Rg1+
53. Rg4 Rxg4+ 54. Kxg4 Kf6 55. Kf4 d5 56. Kg4 d4 57. Kf4 d3 1/2-1/2

[Event "DEM U14 2011"]
[Site "Oberhof GER"]
[Date "2011.06.12"]
[Round "1"]
[White "Bonk, Andras"]
[Black "Siegert, Gregor"]
[Result "1-0"]
[Termination "normal"]
[Board "11"]
[WhiteElo "1930"]
[BlackElo "1618"]
[PlyCount "129"]
[WhiteFideId "24692123"]
[BlackFideId "1271250"]
[EventCountry "GER"]
[EventRounds "9"]
[EventType "swiss"]
[EventDate "2011.06.11"]

1. e4 c5 2. Nf3 a6 3. d4 cxd4 4. Nxd4 Nf6 5. Nc3 e5 6. Nf3 Bb4 7. Bc4 Qc7 8.
Qd3 b5 9. Bb3 Bb7 10. Bd2 O-O 11. Nd5 Bxd2+ 12. Qxd2 Bxd5 13. Bxd5 Nc6 14. O-O
Rac8 15. Rfe1 Ne7 16. Bb3 h6 17. Rad1 Rfd8 18. Qd6 Nc6 19. c3 Qxd6 20. Rxd6 Kf8
21. Nh4 Ne8 22. Rd3 d6 23. Red1 Ne7 24. Bd5 Rc7 25. Nf3 Nf6 26. Bb3 Rcd7 27. a4
Ng6 28. Re3 d5 29. exd5 Nxd5 30. Nxe5 Nxe5 31. Rxe5 Nb6 32. Rxd7 Rxd7 33. axb5
Rd2 34. bxa6 Rxb2 35. Bd1 Ra2 36. Be2 Ra1+ 37. Bf1 Nc4 38. Rd5 Ke7 39. g3 Nb6
40. Rb5 Nd7 41. Rb7 Kd6 42. Kg2 g5 43. Bb5 Ne5 44. c4 g4 45. h3 h5 46. hxg4
hxg4 47. Rb6+ Kc5 48. Rf6 Nf3 49. Rxf3 gxf3+ 50. Kxf3 Ra2 51. Ke3 Rb2 52. f3
Rb3+ 53. Ke4 f5+ 54. Kf4 Kd6 55. g4 fxg4 56. fxg4 Kc5 57. g5 Kb6 58. g6 Rb1 59.
Kg5 Rg1+ 60. Kf6 Rf1+ 61. Kg7 Rf2 62. Kg8 Rg2 63. g7 Rh2 64. Be8 Kxa6 65. Kf8
1-0

[Event "DEM U14 2011"]
[Site "Oberhof GER"]
[Date "2011.06.12"]
[Round "1"]
[White "Keller, Peter"]
[Black "Berkov, Mikhail"]
[Result "1-0"]
[Termination "normal"]
[Board "13"]
[WhiteElo "1874"]
[BlackElo "1782"]
[PlyCount "55"]
[WhiteFideId "1272105"]
[BlackFideId "24678783"]
[EventCountry "GER"]
[EventRounds "9"]
[EventType "swiss"]
[EventDate "2011.06.11"]

1. e4 c5 2. Nf3 e6 3. Nc3 a6 4. d4 cxd4 5. Nxd4 b5 6. a4 b4 7. Nce2 Bb7 8. Ng3
Nf6 9. Bd3 Qb6 10. Nb3 Be7 11. Be3 Qc7 12. a5 Nc6 13. O-O O-O 14. f4 d6 15. Bb6
Qb8 16. Nh5 Bd8 17. Kh1 Na7 18. Bd4 Nc6 19. Bxf6 Bxf6 20. Nxf6+ gxf6 21. Qh5
Rd8 22. Qh6 Ne7 23. f5 exf5 24. exf5 Nd5 25. Rf3 Ne7 26. Rg3+ Ng6 27. fxg6 fxg6
28. Bxg6 1-0

[Event "DEM U14 2011"]
[Site "Oberhof GER"]
[Date "2011.06.12"]
[Round "2"]
[White "Koop, Thorben"]
[Black "Lampert, Jonas"]
[Result "1/2-1/2"]
[Termination "normal"]
[Board "1"]
[WhiteElo "2033"]
[BlackElo "2165"]
[PlyCount "49"]
[WhiteFideId "24661619"]
[BlackFideId "1303759"]
[EventCountry "GER"]
[EventRounds "9"]
[EventType "swiss"]
[EventDate "2011.06.11"]

1. Nf3 Nf6 2. g3 d5 3. Bg2 g6 4. O-O Bg7 5. d4 O-O 6. c4 c6 7. cxd5 cxd5 8. Nc3
Nc6 9. Ne5 e6 10. Nxc6 bxc6 11. b3 Re8 12. Na4 Nd7 13. Bb2 c5 14. dxc5 Bxb2 15.
Nxb2 Nxc5 16. Nd3 Nxd3 17. Qxd3 Qb6 18. Qd2 Ba6 19. Rfd1 Red8 20. Rac1 Rac8 21.
h4 Rxc1 22. Rxc1 Rc8 23. Rxc8+ Bxc8 24. h5 Qc5 25. Bf3 1/2-1/2

[Event "DEM U14 2011"]
[Site "Oberhof GER"]
[Date "2011.06.12"]
[Round "2"]
[White "Kreyssig, Robert"]
[Black "Tennert, Simon"]
[Result "1/2-1/2"]
[Termination "normal"]
[Board "2"]
[WhiteElo "1859"]
[BlackElo "2061"]
[PlyCount "39"]
[WhiteFideId "4662881"]
[BlackFideId "1270445"]
[EventCountry "GER"]
[EventRounds "9"]
[EventType "swiss"]
[EventDate "2011.06.11"]

1. d4 Nf6 2. c4 c5 3. d5 e6 4. Nc3 exd5 5. cxd5 d6 6. Nf3 g6 7. Bf4 a6 8. a4
Bg7 9. e4 O-O 10. Be2 Qe7 11. Nd2 Nbd7 12. O-O Ne5 13. h3 Rb8 14. Bh2 Ne8 15.
f4 Nd7 16. Bd3 Qd8 17. Kh1 f6 18. Qe2 Nb6 19. Rfe1 Qe7 20. Nf3 1/2-1/2

[Event "DEM U14 2011"]
[Site "Oberhof GER"]
[Date "2011.06.12"]
[Round "2"]
[White "Yankelevich, Lev"]
[Black "Bonk, Andras"]
[Result "1/2-1/2"]
[Termination "normal"]
[Board "3"]
[WhiteElo "2032"]
[BlackElo "1930"]
[PlyCount "67"]
[WhiteFideId "24684074"]
[BlackFideId "24692123"]
[EventCountry "GER"]
[EventRounds "9"]
[EventType "swiss"]
[EventDate "2011.06.11"]

1. e4 c5 2. Nf3 Nc6 3. d4 cxd4 4. Nxd4 Nf6 5. Nc3 e6 6. g3 Bb4 7. Bg2 O-O 8.
O-O a6 9. Nde2 Qc7 10. Bf4 Qa5 11. a3 Bxc3 12. Nxc3 Ne8 13. Qd2 e5 14. Be3 d6
15. b4 Qd8 16. Nd5 b5 17. c4 Be6 18. c5 Rc8 19. Rfd1 Kh8 20. Rac1 dxc5 21. Bxc5
Rg8 22. Qb2 Qg5 23. Nb6 Rd8 24. Be3 Qh5 25. Rxd8 Nxd8 26. Qd2 Nb7 27. Qd1 Qxd1+
28. Rxd1 Ned6 29. a4 Bb3 30. Ra1 Nc4 31. axb5 axb5 32. Nxc4 Bxc4 33. Ra7 Nd8
34. Ra8 1/2-1/2

[Event "DEM U14 2011"]
[Site "Oberhof GER"]
[Date "2011.06.12"]
[Round "2"]
[White "Müller, Constantin"]
[Black "Kvetny, Mark"]
[Result "1/2-1/2"]
[Termination "normal"]
[Board "4"]
[WhiteElo "1839"]
[BlackElo "2071"]
[PlyCount "37"]
[WhiteFideId "24697630"]
[BlackFideId "24603929"]
[EventCountry "GER"]
[EventRounds "9"]
[EventType "swiss"]
[EventDate "2011.06.11"]

1. Nf3 c5 2. c4 Nf6 3. d4 cxd4 4. Nxd4 Nc6 5. Nc3 e6 6. Ndb5 d6 7. Bf4 e5 8.
Bg5 a6 9. Na3 Be7 10. Bxf6 Bxf6 11. Nd5 Bg5 12. e3 Be6 13. Qa4 O-O 14. Be2 f5
15. Nc2 b5 16. cxb5 axb5 17. Qxb5 Ra5 18. Qxc6 Bxd5 19. Bc4 1/2-1/2

[Event "DEM U14 2011"]
[Site "Oberhof GER"]
[Date "2011.06.12"]
[Round "2"]
[White "Klesen, Jonas"]
[Black "Lerch, Philipp"]
[Result "0-1"]
[Termination "normal"]
[Board "5"]
[WhiteElo "1233"]
[BlackElo "2021"]
[PlyCount "70"]
[BlackFideId "4654129"]
[EventCountry "GER"]
[EventRounds "9"]
[EventType "swiss"]
[EventDate "2011.06.11"]

1. e4 c6 2. Nc3 d5 3. exd5 cxd5 4. d4 Nc6 5. Bb5 Nf6 6. Nf3 Bg4 7. Qd3 Bxf3 8.
Qxf3 e6 9. O-O a6 10. Bxc6+ bxc6 11. Be3 Be7 12. Rad1 O-O 13. a3 Rb8 14. Rb1
Nd7 15. Qe2 a5 16. Rfd1 Bd6 17. Qg4 f5 18. Qe2 Qc7 19. g3 e5 20. dxe5 Nxe5 21.
Bf4 Nc4 22. Qe6+ Kh8 23. Bxd6 Nxd6 24. Qe2 f4 25. Rd3 Nc4 26. Na4 Rbe8 27. Qd1
Ne5 28. Rc3 Qf7 29. Qf1 fxg3 30. fxg3 Qa7+ 31. Kg2 Rxf1 32. Rxf1 Qd4 33. Nc5
Ng4 34. Nd3 Re2+ 35. Kh1 Rxh2# 0-1

[Event "DEM U14 2011"]
[Site "Oberhof GER"]
[Date "2011.06.12"]
[Round "2"]
[White "Schröder, Jan-Christian"]
[Black "Keller, Peter"]
[Result "1/2-1/2"]
[Termination "normal"]
[Board "6"]
[WhiteElo "2151"]
[BlackElo "1874"]
[PlyCount "66"]
[WhiteFideId "24662259"]
[BlackFideId "1272105"]
[EventCountry "GER"]
[EventRounds "9"]
[EventType "swiss"]
[EventDate "2011.06.11"]

1. e4 e5 2. Nf3 Nc6 3. Bb5 a6 4. Ba4 Nf6 5. O-O Be7 6. Re1 b5 7. Bb3 d6 8. c3
O-O 9. d4 Bg4 10. d5 Na5 11. Bc2 Qc8 12. Nbd2 c6 13. h3 Bd7 14. dxc6 Qxc6 15.
Nf1 Nc4 16. a4 Rfc8 17. b3 Na5 18. Bd2 Nb7 19. axb5 axb5 20. b4 Rxa1 21. Qxa1
Nd8 22. Ng3 Be6 23. Ng5 Nd7 24. Nxe6 Nxe6 25. Nf5 Bf8 26. Qd1 Nd4 27. Ne3 Nxc2
28. Qxc2 Nb6 29. Ra1 d5 30. exd5 Nxd5 31. Nxd5 Qxd5 32. Qf5 Rc6 33. Be3 g6
1/2-1/2

[Event "DEM U14 2011"]
[Site "Oberhof GER"]
[Date "2011.06.12"]
[Round "2"]
[White "Grigorian, Spartak"]
[Black "Krause, Benedict"]
[Result "1/2-1/2"]
[Termination "normal"]
[Board "7"]
[WhiteElo "1971"]
[BlackElo "1824"]
[PlyCount "99"]
[WhiteFideId "24661490"]
[BlackFideId "12917990"]
[EventCountry "GER"]
[EventRounds "9"]
[EventType "swiss"]
[EventDate "2011.06.11"]

1. d4 d5 2. c4 e6 3. Nf3 Nf6 4. g3 Be7 5. Bg2 O-O 6. O-O dxc4 7. Qc2 a6 8. Qxc4
b5 9. Qc2 Bb7 10. Bd2 Be4 11. Qc1 Bb7 12. Bf4 Nd5 13. Rd1 Nxf4 14. Qxf4 Bd6 15.
Qe3 Nd7 16. Nbd2 Nb6 17. Rac1 Qe7 18. Qd3 g6 19. Ne4 Rac8 20. Nfd2 Bd5 21. b3
Rfd8 22. Qe3 Ba3 23. Rc2 Bxe4 24. Qxe4 Qd6 25. Nb1 Nd5 26. Bf3 Bb4 27. e3 Qb6
28. a3 Bf8 29. Rdc1 c5 30. Qh4 Be7 31. Qe4 Rc7 32. dxc5 Rxc5 33. b4 Rxc2 34.
Qxc2 a5 35. Nc3 Nxe3 36. bxa5 Qc5 37. Qe2 Nc4 38. Nxb5 Qxb5 39. Qxc4 Qxa5 40.
a4 Rd2 41. Rc2 Rxc2 42. Qxc2 Bc5 43. Kg2 Qb4 44. h4 Bb6 45. h5 Kg7 46. hxg6
hxg6 47. Kf1 Qd4 48. Qa2 Qc5 49. Qb2+ Kg8 50. Kg2 1/2-1/2

[Event "DEM U14 2011"]
[Site "Oberhof GER"]
[Date "2011.06.12"]
[Round "2"]
[White "Peil, Christoph"]
[Black "Glatzel, Jonas"]
[Result "1-0"]
[Termination "normal"]
[Board "8"]
[WhiteElo "1902"]
[BlackElo "1863"]
[PlyCount "75"]
[WhiteFideId "24651800"]
[BlackFideId "12937800"]
[EventCountry "GER"]
[EventRounds "9"]
[EventType "swiss"]
[EventDate "2011.06.11"]

1. d4 Nf6 2. c4 g6 3. Nc3 Bg7 4. e4 d6 5. Bd3 O-O 6. Nge2 Nc6 7. h3 e5 8. d5
Ne7 9. Be3 c5 10. O-O Ne8 11. Ng3 f5 12. exf5 gxf5 13. f4 e4 14. Bc2 Nf6 15.
Rb1 a6 16. b4 cxb4 17. Rxb4 Qa5 18. Qb1 b5 19. a4 Nd7 20. Nge2 bxc4 21. Rd1 Kh8
22. Kh1 Qc7 23. Qa2 Bb7 24. a5 Rfc8 25. Qb2 Rcb8 26. Bd4 Nf6 27. Rb1 Nexd5 28.
Nxd5 Nxd5 29. Bxg7+ Qxg7 30. Qxg7+ Kxg7 31. Rxb7+ Rxb7 32. Rxb7+ Kf6 33. Kg1
Rc8 34. Kf2 Rc5 35. g4 Rxa5 36. Rxh7 Ra2 37. g5+ Ke6 38. Nd4# 1-0

[Event "DEM U14 2011"]
[Site "Oberhof GER"]
[Date "2011.06.12"]
[Round "2"]
[White "Ott, Florian"]
[Black "Myagkov, Kirill"]
[Result "0-1"]
[Termination "normal"]
[Board "9"]
[WhiteElo "1863"]
[BlackElo "1833"]
[PlyCount "82"]
[WhiteFideId "12900281"]
[BlackFideId "24657042"]
[EventCountry "GER"]
[EventRounds "9"]
[EventType "swiss"]
[EventDate "2011.06.11"]

1. d4 e6 2. Nf3 Nf6 3. e3 c5 4. Bd3 d5 5. b3 Nc6 6. O-O Bd6 7. Bb2 cxd4 8. exd4
O-O 9. Ne5 Qc7 10. f4 Nb4 11. Rf3 Nxd3 12. Qxd3 Ne4 13. c4 f6 14. c5 Nxc5 15.
dxc5 Bxc5+ 16. Kh1 fxe5 17. Bxe5 Bd6 18. Bxd6 Qxd6 19. Nc3 Rxf4 20. Rxf4 Qxf4
21. Rf1 Qg5 22. Nb5 Bd7 23. Nd6 Qe7 24. Nxb7 Rb8 25. Na5 Bb5 26. Qg3 Rc8 27.
Re1 Qc7 28. Qe3 e5 29. b4 Qc3 30. Nb3 Qxe3 31. Rxe3 e4 32. Kg1 Bc4 33. a4 Bxb3
34. Rxb3 d4 35. b5 e3 36. Kf1 Rc1+ 37. Ke2 Rc2+ 38. Kf3 Rf2+ 39. Kg3 Ra2 40.
Rb4 d3 41. Rd4 e2 0-1

[Event "DEM U14 2011"]
[Site "Oberhof GER"]
[Date "2011.06.12"]
[Round "2"]
[White "Siegert, Gregor"]
[Black "Töws, Manuel"]
[Result "0-1"]
[Termination "normal"]
[Board "10"]
[WhiteElo "1618"]
[BlackElo "1938"]
[PlyCount "56"]
[WhiteFideId "1271250"]
[BlackFideId "24654485"]
[EventCountry "GER"]
[EventRounds "9"]
[EventType "swiss"]
[EventDate "2011.06.11"]

1. e4 c5 2. Nf3 d6 3. d4 cxd4 4. Nxd4 Nf6 5. Nc3 a6 6. Bg5 Nbd7 7. f4 Qc7 8.
Qf3 h6 9. Bxf6 Nxf6 10. h3 Bd7 11. O-O-O O-O-O 12. g4 g5 13. Bg2 gxf4 14. Qxf4
Bg7 15. Nf5 Bxf5 16. exf5 e6 17. Rd3 Ne8 18. fxe6 fxe6 19. Qe4 Be5 20. Rhd1 Nf6
21. Qb4 Kb8 22. Ne4 Nxe4 23. Bxe4 d5 24. Bg2 Rc8 25. Qb3 Rhd8 26. Re1 Rd6 27.
Bf3 Rb6 28. Qxb6 Qxc2# 0-1

[Event "DEM U14 2011"]
[Site "Oberhof GER"]
[Date "2011.06.12"]
[Round "2"]
[White "Xiong, Ferdinand"]
[Black "Meyers, Mark"]
[Result "1-0"]
[Termination "time forfeit"]
[Board "11"]
[WhiteElo "1926"]
[BlackElo "1820"]
[PlyCount "121"]
[WhiteFideId "24654132"]
[BlackFideId "12927716"]
[EventCountry "GER"]
[EventRounds "9"]
[EventType "swiss"]
[EventDate "2011.06.11"]

1. e4 c5 2. Nf3 e6 3. d4 cxd4 4. Nxd4 Nc6 5. Nc3 Nf6 6. Ndb5 Bc5 7. Bf4 O-O 8.
Bd6 Bxd6 9. Nxd6 Qb6 10. Rb1 Qc7 11. Be2 a6 12. Qd2 b5 13. O-O b4 14. Nd1 e5
15. Ne3 Nd4 16. Nec4 a5 17. Bd3 Ba6 18. c3 bxc3 19. bxc3 Bxc4 20. Nxc4 Ne6 21.
Ne3 Rfc8 22. Rfc1 Qc6 23. Nd5 Qd6 24. Nb6 Nxe4 25. Qe3 N4c5 26. Nxc8 Rxc8 27.
Rd1 Rb8 28. Rxb8+ Qxb8 29. Bc4 h6 30. g3 d6 31. Bd5 Kf8 32. c4 Nd4 33. Qd2 Qb6
34. Kg2 a4 35. Qc3 g6 36. Rd2 Qd8 37. Rb2 h5 38. Qe3 Kg7 39. h4 Qa5 40. Qg5 f6
41. Qe3 Qa7 42. f4 a3 43. Rb1 Qa4 44. fxe5 fxe5 45. Qf2 Nf5 46. Qd2 Nd4 47. Rf1
Qc2 48. Rf7+ Kh8 49. Qxc2 Nxc2 50. Rf6 Nb4 51. Rxd6 Kg7 52. Rd8 Nc2 53. Kf3 Na4
54. Ke4 Kf6 55. Rf8+ Ke7 56. Rf2 Nc5+ 57. Kf3 Nd3 58. Rd2 Ncb4 59. Ke4 Nb2 60.
c5 Na4 61. c6 1-0

[Event "DEM U14 2011"]
[Site "Oberhof GER"]
[Date "2011.06.12"]
[Round "2"]
[White "Berkov, Mikhail"]
[Black "Zimmermann, Christian"]
[Result "1-0"]
[Termination "normal"]
[Board "12"]
[WhiteElo "1782"]
[BlackElo "1848"]
[PlyCount "81"]
[WhiteFideId "24678783"]
[BlackFideId "24692069"]
[EventCountry "GER"]
[EventRounds "9"]
[EventType "swiss"]
[EventDate "2011.06.11"]

1. d4 Nf6 2. Nf3 c5 3. e3 cxd4 4. exd4 g6 5. Bf4 Bg7 6. Bc4 O-O 7. Nc3 d5 8.
Bb3 Nc6 9. h3 b6 10. Ne5 Bb7 11. Qd3 Nh5 12. Nxc6 Nxf4 13. Qf3 Nxg2+ 14. Qxg2
Bxc6 15. Bxd5 Bxd5 16. Nxd5 e6 17. Ne3 Qxd4 18. c3 Qc5 19. O-O-O b5 20. Rd7 b4
21. c4 Bh6 22. Qe4 Qa5 23. Kb1 Rfd8 24. Rhd1 Rxd7 25. Qxa8+ Kg7 26. Rxd7 Bxe3
27. fxe3 Qf5+ 28. Kc1 Qf1+ 29. Kd2 Qf2+ 30. Kd3 Qf1+ 31. Kd2 Qf2+ 32. Kc1 Qxe3+
33. Rd2 Qxh3 34. Qe4 h5 35. Qd4+ Kh7 36. Rf2 Qh1+ 37. Kd2 Qb7 38. Qf6 Qd7+ 39.
Kc1 Kg8 40. Rd2 Qb7 41. Rd8+ 1-0

[Event "DEM U14 2011"]
[Site "Oberhof GER"]
[Date "2011.06.12"]
[Round "2"]
[White "Richter, Leonard"]
[Black "Ewert, Paul"]
[Result "1-0"]
[Termination "normal"]
[Board "13"]
[WhiteElo "1856"]
[BlackElo "1661"]
[PlyCount "87"]
[WhiteFideId "12900290"]
[EventCountry "GER"]
[EventRounds "9"]
[EventType "swiss"]
[EventDate "2011.06.11"]

1. e4 e5 2. Nf3 Nc6 3. d4 exd4 4. Bc4 Nf6 5. e5 Ne4 6. O-O d5 7. Bb5 Bd7 8.
Bxc6 bxc6 9. Nxd4 Bc5 10. Be3 O-O 11. f3 Ng5 12. f4 Ne4 13. Nd2 f5 14. Nxe4
fxe4 15. c3 Bb6 16. Qh5 Qe7 17. Rae1 c5 18. Nc2 Rad8 19. Bf2 Rxf4 20. Ne3 Bc8
21. Bg3 Rxf1+ 22. Rxf1 d4 23. Bh4 Qe8 24. Qg5 c6 25. Nc4 Bc7 26. Qf4 Rd5 27.
Qxe4 Ba6 28. e6 Bxc4 29. Rf7 Re5 30. Qg4 g6 31. Rxc7 Rxe6 32. h3 Be2 33. Qg5
Qf8 34. cxd4 cxd4 35. Bf2 Rd6 36. Qh4 h5 37. Bxd4 Re6 38. Rg7+ Qxg7 39. Bxg7
Kxg7 40. Qd4+ Kh6 41. Qxa7 Bd3 42. Qd4 Be4 43. h4 Re8 44. Qd2+ 1-0

[Event "DEM U14 2011"]
[Site "Oberhof GER"]
[Date "2011.06.12"]
[Round "2"]
[White "Kramer, Julian"]
[Black "Wachinger, David"]
[Result "1-0"]
[Termination "normal"]
[Board "14"]
[WhiteElo "1946"]
[BlackElo "1690"]
[PlyCount "39"]
[WhiteFideId "12921742"]
[BlackFideId "24692689"]
[EventCountry "GER"]
[EventRounds "9"]
[EventType "swiss"]
[EventDate "2011.06.11"]

1. e4 c6 2. d4 d5 3. Nc3 dxe4 4. Nxe4 Bf5 5. Ng3 Bg6 6. Nh3 h6 7. Nf4 Bh7 8.
Bc4 e6 9. O-O Nf6 10. Re1 Nd5 11. Qh5 Nxf4 12. Bxf4 Bg6 13. Rxe6+ Be7 14. Rxg6
Qxd4 15. Bxf7+ Kf8 16. Be5 Qh4 17. Bxg7+ Kxf7 18. Rf6+ Kg8 19. Qf7+ Kh7 20.
Bxh6# 1-0

[Event "DEM U14 2011"]
[Site "Oberhof GER"]
[Date "2011.06.14"]
[Round "4"]
[White "Yankelevich, Lev"]
[Black "Tennert, Simon"]
[Result "1/2-1/2"]
[Termination "normal"]
[Board "2"]
[WhiteElo "2032"]
[BlackElo "2061"]
[PlyCount "49"]
[WhiteFideId "24684074"]
[BlackFideId "1270445"]
[EventCountry "GER"]
[EventRounds "9"]
[EventType "swiss"]
[EventDate "2011.06.11"]

1. e4 c5 2. Nf3 e6 3. d4 cxd4 4. Nxd4 a6 5. Nc3 Qc7 6. g3 Bb4 7. Nde2 Be7 8.
Bg2 Nf6 9. O-O Nc6 10. h3 d6 11. Be3 b5 12. f4 Bb7 13. g4 h6 14. Ng3 Nd7 15.
Nce2 g6 16. f5 Nde5 17. fxe6 fxe6 18. Nd4 Kd7 19. Nxc6 Nxc6 20. Ne2 g5 21. b3
Rhf8 22. Qd2 Bf6 23. Rad1 Be5 24. Nd4 Nb8 25. Ra1 1/2-1/2

[Event "DEM U14 2011"]
[Site "Oberhof GER"]
[Date "2011.06.14"]
[Round "4"]
[White "Lampert, Jonas"]
[Black "Keller, Peter"]
[Result "1/2-1/2"]
[Termination "normal"]
[Board "3"]
[WhiteElo "2165"]
[BlackElo "1874"]
[PlyCount "92"]
[WhiteFideId "1303759"]
[BlackFideId "1272105"]
[EventCountry "GER"]
[EventRounds "9"]
[EventType "swiss"]
[EventDate "2011.06.11"]

1. e4 e5 2. Nf3 Nc6 3. Bb5 a6 4. Ba4 Nf6 5. O-O Be7 6. Re1 b5 7. Bb3 d6 8. c3
O-O 9. h3 Na5 10. Bc2 c5 11. d4 Nd7 12. d5 Nb6 13. a4 c4 14. Nbd2 f5 15. axb5
axb5 16. exf5 Bxf5 17. Ne4 h6 18. Be3 Nd7 19. Ng3 Bxc2 20. Qxc2 Qe8 21. Nf5 Qf7
22. g4 Kh8 23. N3h4 Bxh4 24. Nxh4 Nb3 25. Rxa8 Rxa8 26. Qf5 Qxf5 27. Nxf5 Ra6
28. g5 h5 29. g6 Nbc5 30. Bg5 Nd3 31. Re4 Nf6 32. Re3 Nxd5 33. Re4 N5f4 34.
Bxf4 Nxf4 35. Nd4 Nxg6 36. Nxb5 d5 37. Re1 Rb6 38. Nc7 d4 39. cxd4 exd4 40.
Re8+ Kh7 41. Ne6 h4 42. Nxd4 Rxb2 43. Ne6 c3 44. Rc8 Rb1+ 45. Kh2 Rc1 46. Ng5+
Kh6 1/2-1/2

[Event "DEM U14 2011"]
[Site "Oberhof GER"]
[Date "2011.06.14"]
[Round "4"]
[White "Schröder, Jan-Christian"]
[Black "Bonk, Andras"]
[Result "1-0"]
[Termination "normal"]
[Board "4"]
[WhiteElo "2151"]
[BlackElo "1930"]
[PlyCount "109"]
[WhiteFideId "24662259"]
[BlackFideId "24692123"]
[EventCountry "GER"]
[EventRounds "9"]
[EventType "swiss"]
[EventDate "2011.06.11"]

1. e4 e6 2. d4 d5 3. e5 c5 4. c3 Nc6 5. Nf3 Qb6 6. a3 Nh6 7. b4 cxd4 8. cxd4
Nf5 9. Bb2 Bd7 10. g4 Nh6 11. Rg1 Be7 12. Nc3 f6 13. exf6 gxf6 14. Rc1 a6 15.
Qd2 Nf7 16. Na4 Qc7 17. Nc5 Bd6 18. Qe3 Bf4 19. Nxe6 Bxe6 20. Qxe6+ Kf8 21.
Qxf6 Bxc1 22. Bxc1 Qe7+ 23. Qxe7+ Kxe7 24. Bd3 Rae8 25. Kd1 Nd6 26. Bg5+ Kd7
27. Ne5+ Kc7 28. Nxc6 Kxc6 29. Bf6 Rhf8 30. g5 Ne4 31. Bxe4 Rxe4 32. Kd2 Rh4
33. Rg2 Rh3 34. a4 Rg8 35. Rg1 Rxh2 36. Ke3 Kd7 37. Be5 Rh3+ 38. Kf4 Rf8+ 39.
Kg4 Rc3 40. Rh1 Rf7 41. f4 Ra3 42. f5 Rxa4 43. g6 hxg6 44. fxg6 Rf8 45. g7 Rg8
46. Rh8 Rxg7+ 47. Bxg7 Rxb4 48. Kf5 a5 49. Ke5 Kc6 50. Rc8+ Kb5 51. Kxd5 Ka4
52. Ra8 Rb5+ 53. Ke6 Rg5 54. Bf6 Rg6 55. d5 1-0

[Event "DEM U14 2011"]
[Site "Oberhof GER"]
[Date "2011.06.14"]
[Round "4"]
[White "Peil, Christoph"]
[Black "Kvetny, Mark"]
[Result "0-1"]
[Termination "normal"]
[Board "5"]
[WhiteElo "1902"]
[BlackElo "2071"]
[PlyCount "48"]
[WhiteFideId "24651800"]
[BlackFideId "24603929"]
[EventCountry "GER"]
[EventRounds "9"]
[EventType "swiss"]
[EventDate "2011.06.11"]

1. d4 Nf6 2. c4 e6 3. Nf3 c5 4. d5 b5 5. e3 exd5 6. cxd5 a6 7. a4 b4 8. Bc4 d6
9. O-O Be7 10. h3 O-O 11. Qd3 Nbd7 12. a5 Bb7 13. e4 Ne8 14. Bf4 Bf6 15. Ra2
Qe7 16. Nbd2 Nc7 17. Re1 Ne5 18. Nxe5 Bxe5 19. Bxe5 Qxe5 20. Nf3 Qf6 21. e5
dxe5 22. Rxe5 Rfe8 23. Rf5 Qd6 24. Ng5 Re1+ 0-1

[Event "DEM U14 2011"]
[Site "Oberhof GER"]
[Date "2011.06.14"]
[Round "4"]
[White "Kreyssig, Robert"]
[Black "Töws, Manuel"]
[Result "1-0"]
[Termination "normal"]
[Board "6"]
[WhiteElo "1859"]
[BlackElo "1938"]
[PlyCount "49"]
[WhiteFideId "4662881"]
[BlackFideId "24654485"]
[EventCountry "GER"]
[EventRounds "9"]
[EventType "swiss"]
[EventDate "2011.06.11"]

1. d4 d5 2. c4 c6 3. Nc3 Nf6 4. cxd5 cxd5 5. Bf4 Bf5 6. e3 Nc6 7. Nf3 e6 8. Bb5
Nd7 9. O-O a6 10. Bxc6 bxc6 11. Na4 c5 12. dxc5 Nxc5 13. Nxc5 Bxc5 14. Rc1 Bd6
15. Bxd6 Qxd6 16. Nd4 Bg4 17. Qa4+ Qd7 18. Qb4 Qe7 19. Qxe7+ Kxe7 20. Rc7+ Kd6
21. Rfc1 Rhb8 22. f4 Rb6 23. a4 a5 24. Nb5+ Rxb5 25. R1c6# 1-0